| 000 | 00537nam a2200145 4500 | ||
|---|---|---|---|
| 008 | 0 1994 0aq 000 0USA | ||
| 050 | _aQA76.64 B498 | ||
| 082 | _a001.642 B166d | ||
| 100 | _aBergin, Joseph | ||
| 245 | _aData Abstraction: The Object-Oriented Approach Usin c++ / Joseph Bergin | ||
| 260 | _aUnited States of America: McGraw-Hill | ||
| 300 | _axxi, 666 p. / 24 cm. | ||
| 500 | _aIncluye contents, glossary e index. | ||
| 650 | _a1. OBJECT-ORIENTED PROGRAMMING (COMPUTER SCIENCE) \ 2. C++(COMPUTER PROGRAM LANGUAGE) | ||
| 999 |
_c11977 _d11977 |
||